banner-ar

VERS UNE MARINE ATOMIQUE: LA MARINE FRANCAISE ( 1945 - 1958 ) / (Record no. 16306)

MARC details
000 -الفاتح
حقل البيانات ثابتة الطول 00553nam a2200205Ia 4500
008 - عناصر البيانات ثابتة الطول - معلومات عامة
حقل البيانات ثابتة الطول 140319s9999 xx 000 0 eng d
040 ## - مصدر الفهرسة
وكالة الفهرسة الأصلية GCL /
وكالة النسخ GCL
082 04 - رقم تصنيف ديوى العشرى
رقم التصنيف 359.96
رقم المادة Q V
100 1# - المدخل الرئيسى - إسم شخصى
الإسم الشخصى QUEREL, PHILIPPE
245 10 - بيان العنوان
العنوان VERS UNE MARINE ATOMIQUE: LA MARINE FRANCAISE ( 1945 - 1958 ) /
بيان المسئوليه,etc QUEREL, PHILIPPE
700 1# - المدخل الاضافى - اسم شخصى
الإسم الشخصى LEFEBVREL, AMIRAL
700 1# - المدخل الاضافى - اسم شخصى
الإسم الشخصى JEAN - CHARLES
260 ## - PUBLICATION, DISTRIBUTION, ETC. (IMPRINT)
تاريخ النشر أو التوزيع 1997
300 ## - الوصف المادى
التعداد 454 P
650 04 - المدخل الاضافى بالموضوع-مصطلح موضوعى
مصطلح موضوعي MARINE
650 04 - المدخل الاضافى بالموضوع-مصطلح موضوعى
مصطلح موضوعي MARINE FORCES
650 04 - المدخل الاضافى بالموضوع-مصطلح موضوعى
مصطلح موضوعي MARINE - FRANCE
942 ## - عناصر المدخل الإضافي( كوها)
مصدر التصنيف او مخطط الترفيف Dewey Decimal Classification
Koha [default] item type كتاب
260 ## - PUBLICATION, DISTRIBUTION, ETC. (IMPRINT)
-- [S.N] :
-- BRUYLANT ،
Holdings
حالة التراجع حالة الفقد حالة تلف ليس للاعارة المكان المؤقت الموقع الحالى تاريخ الاكتساب اجمالي اﻻعارات رقم الطلب الباركود تاريخ اخر مشاهدة تاريخ تفعيل السعر نوع وعاء كوها
        مكتبة القاهرة الكبرى مكتبة القاهرة الكبرى 03/26/2014   359.96\Q V 29707 03/26/2014 03/26/2014 كتاب

Powered By

EGPV